Rýľ až za hrob
Štandardizácia ponuky na trhu. Značka výrobku a pridaná hodnota ako ďalšie kritériá konkurenčnosti výrobkov. Zdroj zabezpečenia zákazníckych preferencií - záručná lehota. Rozsah záruk hrá prím. Marketingové stratégie firiem.
Salvato in:
| Autore principale: | |
|---|---|
| Natura: | Capitolo di libro |
| Lingua: | slovacco |
| Soggetti: | |
| Tags: |
Nessun Tag, puoi essere il primo ad aggiungerne!!
|
MARC
| LEADER | 00000naa a2200000 4500 | ||
|---|---|---|---|
| 001 | r047504 | ||
| 005 | 20231003075918.5 | ||
| 041 | 0 | |a slo | |
| 044 | |a SK | ||
| 245 | 1 | 0 | |a Rýľ až za hrob |c Silvia Sameková |
| 520 | |a Štandardizácia ponuky na trhu. Značka výrobku a pridaná hodnota ako ďalšie kritériá konkurenčnosti výrobkov. Zdroj zabezpečenia zákazníckych preferencií - záručná lehota. Rozsah záruk hrá prím. Marketingové stratégie firiem. | ||
| 610 | 2 | 0 | |a marketing |
| 610 | 2 | 0 | |a stratégia marketingová |
| 610 | 2 | 0 | |a výrobky |
| 610 | 2 | 0 | |a konkurencieschopnosť |
| 610 | 2 | 0 | |a záruka |
| 100 | 1 | |a Sameková, Silvia | |